000 00493nam a2200193Ia 4500
001 1701
003 GE_BSU
008 181216s||||||||xx |||||||||||||| ||und||
040 _cGE_BSU
100 _aგორგილაძე, ზურაბ
245 _aერთტომეული
260 _aბათუმი
260 _bაჭარა
260 _c1998
300 _a407 გვ. 20 სმ.
541 _h18 ლ.
653 _aერთტომეული
942 _cBK
999 _c35812
_d35812